00922nam a2200229Ia 4500003000400000005001700004008004100021020003000062040001700092082002000109100001900129245012200148250001100270260003000281300003100311650003100342700002700373942000900400952013500409952013500544999001300679IIN20240102130701.0231217s9999 xx 000 0 und d cRs.3590.00a9788131254196 aIINbEnglish a610.73677 bBLA1 aBlack, Joyce M1 aBlack's Medical - Surgical Nursing bClinical Management for Positive OutcomescJoyce M Black and Jane Hokanson Hawks a8th ed bElsevieraNew Delhic2020 alxxi, 1183-2245 p. / Vol.21 aMedical Surgical vnursing1 aHawks, Jane Hokanson  cBOOK 00102ddc40708Purches BookaIINbIINd2023-12-17g3590.00l0o610.73677 BLAp161r2023-12-17 21:32:13tVol. 2w2023-12-17yBOOK 00102ddc40708Purches BookaIINbIINd2023-12-17g3590.00l0o610.73677 BLAp162r2023-12-17 21:32:13tVol. 2w2023-12-17yBOOK c166d166